000 01354cam a2200337 a 4500
001 692854
003 OSt
005 20160330185913.0
008 961030s1997 enkb b 001 0 eng
010 _a 96048678
020 _a0415137659 (cloth)
020 _a0415137667 (paper)
040 _aDLC
_cDLC
_dDLC
043 _ae-uk-ni
050 0 0 _aHQ1236.5.G7
_bS25 1997
082 0 0 _a305.42
_221
_bSAL 1997
100 1 _aSales, Rosemary,
_d1947-
_97500
245 1 0 _aWomen divided :
_bgender, religion, and politics in Northern Ireland /
_cRosemary Sales.
260 _aLondon ;
_aNew York :
_bRoutledge,
_c1997.
300 _axiv, 236 p. :
_bmaps ;
_c25 cm.
440 0 _aInternational studies of women and place
_97501
504 _aIncludes bibliographical references (p. 215-227) and index.
650 0 _aWomen
_xPolitical activity
_zNorthern Ireland.
_97502
650 0 _aWomen
_zNorthern Ireland
_xSocial conditions.
_97503
650 0 _aReligion and politics
_zNorthern Ireland.
_97504
651 0 _aNorthern Ireland
_xPolitics and government.
_97505
856 4 2 _3Publisher description
_uhttp://www.loc.gov/catdir/enhancements/fy0649/96048678-d.html
906 _a7
_bcbc
_corignew
_d1
_eocip
_f19
_gy-gencatlg
942 _2ddc
_cSLOAN
999 _c3353
_d3353